Statistiques concernant Devinez le prénom de ces grands joueurs de foot

Cliquez ici pour prendre le quiz!

Statistiques générales

  • Ce quiz a été pris 455 fois
  • Le résultat moyen est 11 sur 15

Statistiques - réponses

HintRéponse% Correct
MessiLionel
97%
PogbaPaul
97%
ZidaneZinedine
97%
RonaldoCristiano
95%
BeckhamDavid
94%
PlatiniMichel
91%
MaradonaDiego
89%
WeahGeorge
75%
CruyffJohan
75%
MüllerGerd
71%
KopaRaymond
66%
YashinLev
64%
Di StéfanoAlfredo
57%
PuskasFerenc
50%
Da Silva FerreiraEusebio
18%

Distribution des résultats

Percentile par nombre de réponses

% des personnes avec chaque résultat

Votre développement - résultats

Vous n’avez pas pris ce quiz